000 00228nam a22000857a 4500
008 161115b xxu||||| |||| 00| 0 eng d
100 _91203
_aRao. S. R
245 _aMohini and the Demon
260 _aNew Delhi
_bNational book trust
_c2004
999 _c3894
_d3894